Lazarillo de Tormes.

Bewaard in:
Bibliografische gegevens
Andere auteurs: Godoy Gallardo, Eduardo (Redacteur)
Formaat: Boek
Taal:Spaans
Gepubliceerd in: Santiago, Chile: LOM Ediciones, 2005.
Editie:Segunda edición corregida y aumentada.
Reeks:Colección Texto sobre Texto.
Onderwerpen:
Tags: Voeg label toe
Geen labels, Wees de eerste die dit record labelt!

MARC

LEADER 00000cam a2200000 a 4500
001 UCI4533
003 CL-VaPUC
005 20241115101105.0
008 080118e20050000CL |||||||||||||||||spa|d
999 |c 328438  |d 328436 
020 |a 9562827674 
040 |c Pontificia Universidad Católica de Valparaíso 
082 0 4 |a 863 LAZ 2005  |2 21 
245 1 0 |a Lazarillo de Tormes. 
250 |a Segunda edición corregida y aumentada. 
260 |a Santiago, Chile:  |b LOM Ediciones,  |c 2005. 
300 |a 141 páginas.  
490 0 |a Colección Texto sobre Texto. 
500 |a c.1. Donación Biblioteca de Educación Memo s/n 6-11-2024 
583 |a last modification  |c 20130912 01:49:53  |k Rodrigo Vera 
650 0 |a Novelas españolas  |9 265052 
650 0 |a Novelas picarescas  |9 420043 
700 |a Godoy Gallardo, Eduardo  |e editor  |9 893844 
942 |c BK  |2 ddc 
945 |d 20080118 00:00:00  |a fvergara 
952 |0 0  |1 0  |4 0  |6 863_000000000000000_GOD_2005  |7 0  |8 X  |9 412353  |a FDOBUD  |b FDOBUD  |d 2019-11-22  |i 1085697  |o 863 GOD 2005  |p 1085697  |r 2019-11-22  |w 2019-11-22  |y BK_X  |k BUD 
952 |0 0  |1 0  |4 0  |6 863_000000000000000_GOD_2005  |7 0  |8 X  |9 412354  |a FDOBUD  |b FDOBUD  |d 2019-11-22  |i 4598520  |o 863 GOD 2005  |p 4598520  |r 2019-11-22  |w 2019-11-22  |y BK_X  |k BUD 
952 |0 0  |1 0  |2 ddc  |4 0  |6 863_000000000000000_GOD_2005  |7 0  |8 A  |9 598045  |a BIBEDU  |b BIBEDU  |d 2024-11-15  |e Donación   |i 5663189  |o 863 GOD 2005  |p 5663189  |r 2024-11-15  |t 1  |w 2019-11-22  |y BK  |k EDU